Clemenceau. (Record no. 188213)
[ view plain ]
| 000 -LEADER | |
|---|---|
| campo de control de longitud fija | 00915nam a2200229 i 4500 |
| 001 - NÚMERO DE CONTROL | |
| campo de control | 188213 |
| 003 - IDENTIFICADOR DE NÚMERO DE CONTROL | |
| campo de control | ES-MaACL |
| 005 - FECHA Y HORA DE LA ÚLTIMA TRANSACCIÓN | |
| campo de control | 20230906223138.0 |
| 008 - DATOS DE LONGITUD FIJA--INFORMACIÓN GENERAL | |
| campo de control de longitud fija | 180622s1932 fr |||| |bfre d |
| 100 1# - ENTRADA PRINCIPAL--NOMBRE DE PERSONA | |
| Nombre de persona | Suarez, Georges. |
| 9 (RLIN) | 165030 |
| 245 10 - MENCIÓN DEL TÍTULO | |
| Título | Clemenceau. |
| Número de parte o sección de la obra | [1] |
| Resto del título | : dans la mêlée / |
| Mención de responsabilidad, etc. | Georges Suarez. |
| 246 30 - FORMA VARIANTE DEL TITULO | |
| Texto de visualización | Precede al tít. |
| Título propio/Titulo breve | Soixante années d'historie française |
| 250 ## - MENCION DE EDICION | |
| Mención de edición | Nouvelle éd. de "La vie orgueilleuse de Clemenceau" rev., corr. et augmentée. |
| 260 ## - PUBLICACIÓN, DISTRIBUCIÓN, ETC. | |
| Lugar de publicación, distribución, etc. | Paris : |
| Nombre del editor, distribuidor, etc. | Jules Tallandier, |
| Fecha de publicación, distribución, etc. | 1932. |
| 300 ## - DESCRIPCIÓN FÍSICA | |
| Extensión | 1 v. (271 p.) ; |
| Dimensiones | 19 cm. |
| 500 ## - NOTA GENERAL | |
| Nota general | Índice onomástico. |
| 504 ## - NOTA DE BIBLIOGRAFÍA, ETC. | |
| Nota de bibliografía, etc. | Bibliografía: p. [9]-13. |
| 505 8# - NOTA DE CONTENIDO CON FORMATO | |
| Nota de contenido con formato | v. 1 de ; |
| Título | Soixante années d'historie française |
| 600 14 - PUNTO DE ACCESO ADICIONAL DE MATERIA--NOMBRE DE PERSONA | |
| Nombre de persona | Clemenceau, Georges. |
| 9 (RLIN) | 39169 |
| 651 #4 - PUNTO DE ACCESO ADICIONAL DE MATERIA--NOMBRE GEOGRÁFICO | |
| Nombre geográfico | Francia- |
| Subdivisión general | Política y gobierno- |
| Subdivisión cronológica | 1870-1940. |
| 9 (RLIN) | 162878 |
| 852 ## - LOCALIZACIÓN | |
| Ubicación | ES-MaACL |
| Número de control de estantería | L-32072 |
| Nota libre | . - Donat. herederos de la bibl. de Mª del Pilar Costa Palacín |
| Estatus retirado | Estado de pérdida | Estado de daño | No para préstamo | Biblioteca de origen | Biblioteca actual | Ubicación en estantería | Fecha de adquisición | Fuente de adquisición | Total de préstamos | Signatura topográfica completa | Código de barras | Visto por última vez | Precio de reemplazo | Tipo de ítem Koha |
|---|---|---|---|---|---|---|---|---|---|---|---|---|---|---|
| Biblioteca del Ateneo de Madrid | Biblioteca del Ateneo de Madrid | Depósito 2 | 22/06/2018 | L-32072 | 1199022 | 23/02/2023 | 23/02/2023 | Libro impreso |
